[Event "XXXI Festival Conca della Presolana A"]
[Site "Bratto - Castione della Presolana ITA"]
[Date "2011.08.23"]
[Round "4"]
[White "Brunello, Marina"]
[Black "Mikalsen, Erlend"]
[Result "1-0"]
[WhiteElo "2228"]
[BlackElo "2037"]
[PlyCount "37"]
[EventDate "2011.08.20"]

1. e4 c5 2. c3 d5 3. exd5 Qxd5 4. d4 Nc6 5. Nf3 Bg4 6. Be2 Nf6 7. O-O e6 8. h3
Bh5 9. Be3 cxd4 10. cxd4 Be7 11. Nc3 Qd8 12. Qb3 Rb8 13. Rfd1 O-O 14. d5 Na5
15. Qa4 exd5 16. b4 b5 17. Qxa5 Qxa5 18. bxa5 Rfd8 19. Bxa7 1-0

[Event "XXXI Festival Conca della Presolana A"]
[Site "Bratto - Castione della Presolana ITA"]
[Date "2011.08.23"]
[Round "4"]
[White "Cani, Gazmir"]
[Black "De Santis, Alessio"]
[Result "0-1"]
[WhiteElo "2114"]
[BlackElo "2305"]
[PlyCount "86"]
[EventDate "2011.08.20"]

1. d4 d6 2. Nf3 Bg4 3. c4 Nd7 4. g3 Bxf3 5. exf3 g6 6. Bg2 Bg7 7. O-O Ngf6 8.
Nc3 O-O 9. f4 c6 10. Be3 Nb6 11. b3 d5 12. c5 Nc8 13. b4 e6 14. Rb1 a6 15. Qe2
Nd7 16. a4 Ne7 17. Rfd1 Nf5 18. b5 axb5 19. axb5 Nxc5 20. Qc2 Nd7 21. bxc6 bxc6
22. Na4 Qc7 23. Bf1 Rfc8 24. Rbc1 Qa7 25. Nc5 Nxc5 26. Qxc5 Qxc5 27. Rxc5 Ra4
28. Bb5 Rb4 29. Rxc6 Rxc6 30. Bxc6 Bxd4 31. Bxd4 Nxd4 32. Bd7 Kf8 33. Ra1 Rb7
34. Ra8+ Ke7 35. Ba4 h5 36. Kg2 Kf6 37. h3 Kf5 38. Rf8 Ra7 39. Bd1 Kf6 40. g4
Ra1 41. Bf3 Ra3 42. Bd1 Rd3 43. Ba4 Ne2 0-1

[Event "XXXI Festival Conca della Presolana A"]
[Site "Bratto - Castione della Presolana ITA"]
[Date "2011.08.23"]
[Round "4"]
[White "Ceccarini, Marco"]
[Black "Dritsakos, Alessio"]
[Result "1-0"]
[WhiteElo "2052"]
[BlackElo "2004"]
[PlyCount "79"]
[EventDate "2011.08.20"]

1. e4 e5 2. Bc4 Nf6 3. d4 exd4 4. Nf3 Nc6 5. O-O Nxe4 6. Re1 d5 7. Bxd5 Qxd5 8.
Nc3 Qa5 9. Nxe4 Be6 10. Neg5 O-O-O 11. Nxe6 fxe6 12. Rxe6 Bd6 13. Qe2 Kd7 14.
Bd2 Qf5 15. Re4 Rhe8 16. Re1 Rxe4 17. Qxe4 Qxe4 18. Rxe4 Re8 19. Rxe8 Kxe8 20.
Kf1 Ke7 21. Ke2 g6 22. Kd3 Ne5+ 23. Nxe5 Bxe5 24. Ke4 Ke6 25. f4 Bf6 26. g4 c5
27. f5+ gxf5+ 28. gxf5+ Kf7 29. b3 Be7 30. Bf4 Kf6 31. Be5+ Kg5 32. Bb8 a6 33.
Kd5 b5 34. Ke6 Bf8 35. f6 Kg6 36. f7 Bh6 37. Bd6 c4 38. f8=Q Bxf8 39. Bxf8 a5
40. Bc5 1-0

[Event "XXXI Festival Conca della Presolana A"]
[Site "Bratto - Castione della Presolana ITA"]
[Date "2011.08.23"]
[Round "4"]
[White "De La Villa Garcia, Jesus Maria"]
[Black "Cocchi, Andrea"]
[Result "1-0"]
[WhiteElo "2490"]
[BlackElo "2297"]
[PlyCount "60"]
[EventDate "2011.08.20"]

1. e4 c5 2. Nf3 d6 3. d4 cxd4 4. Nxd4 Nf6 5. Nc3 a6 6. Be3 e5 7. Nb3 Be6 8. Qd2
Nbd7 9. O-O-O b5 10. f3 Be7 11. g4 O-O 12. g5 b4 13. gxf6 bxc3 14. Qxc3 Nxf6
15. Na5 Qd7 16. Nc6 Rfc8 17. Nxe7+ Qxe7 18. Qa5 Qd7 19. Rd2 h6 20. Rg1 Kh7 21.
b3 Qc6 22. c4 d5 23. exd5 Bxd5 24. Bd3+ g6 25. Bc2 Bxf3 26. Qxe5 Re8 27. Qf4
Rxe3 28. Qxe3 Be4 29. Rf1 Bxc2 30. Kxc2 Re8 1-0

[Event "XXXI Festival Conca della Presolana A"]
[Site "Bratto - Castione della Presolana ITA"]
[Date "2011.08.23"]
[Round "4"]
[White "Fedorchuk, Sergey A."]
[Black "Manca, Federico"]
[Result "1-0"]
[WhiteElo "2618"]
[BlackElo "2401"]
[PlyCount "77"]
[EventDate "2011.08.20"]

1. e4 e5 2. Nf3 Nc6 3. Bc4 Bc5 4. c3 Nf6 5. d3 a6 6. O-O d6 7. Bb3 Ba7 8. Be3
O-O 9. Nbd2 h6 10. h3 Re8 11. Re1 Bxe3 12. fxe3 Be6 13. d4 Bxb3 14. Qxb3 Qd7
15. Re2 Na5 16. Qc2 c5 17. d5 b5 18. Rf1 c4 19. Nh4 Nh7 20. Nf5 Kh8 21. g4 Nb7
22. Rg2 f6 23. h4 Nd8 24. Qd1 Nf7 25. Qf3 g6 26. Ng3 Rg8 27. Kf2 Kg7 28. Ke1 a5
29. Rgf2 Rgf8 30. Qh1 b4 31. g5 fxg5 32. h5 bxc3 33. bxc3 Qg4 34. Rg1 Qd7 35.
hxg6 Kxg6 36. Rgf1 Qg4 37. Nf5 Ra7 38. Rg2 Qh5 39. Rh2 1-0

[Event "XXXI Festival Conca della Presolana A"]
[Site "Bratto - Castione della Presolana ITA"]
[Date "2011.08.23"]
[Round "4"]
[White "Gasperoni, Stefano"]
[Black "Nepi, Ezio"]
[Result "0-1"]
[WhiteElo "2001"]
[BlackElo "1930"]
[PlyCount "68"]
[EventDate "2011.08.20"]

1. b3 d5 2. Bb2 Nf6 3. e3 g6 4. Nf3 Bg7 5. Be2 O-O 6. d3 c5 7. Nbd2 Nc6 8. Ne5
Nxe5 9. Bxe5 d4 10. e4 Nxe4 11. Nxe4 Bxe5 12. O-O Qc7 13. Kh1 b6 14. Bf3 Bb7
15. Re1 Bg7 16. Qd2 f5 17. Ng5 Bxf3 18. Nxf3 e5 19. Re2 Rae8 20. Rae1 Re7 21.
Qg5 Rfe8 22. Nd2 Qc6 23. f3 h6 24. Qg3 Kh7 25. Nc4 Qd5 26. a4 Bf6 27. Qf2 Qc6
28. Nd2 Bg5 29. f4 Bxf4 30. Qxf4 exf4 31. Rxe7+ Rxe7 32. Rxe7+ Kg8 33. Rxa7 Qe6
34. Nf3 g5 0-1

[Event "XXXI Festival Conca della Presolana A"]
[Site "Bratto - Castione della Presolana ITA"]
[Date "2011.08.23"]
[Round "4"]
[White "Getz, Nicolai"]
[Black "Guerra, Alessandro"]
[Result "1/2-1/2"]
[WhiteElo "2385"]
[BlackElo "2204"]
[PlyCount "74"]
[EventDate "2011.08.20"]

1. Nf3 Nf6 2. g3 c5 3. Bg2 Nc6 4. O-O e5 5. c4 Be7 6. Nc3 O-O 7. d3 h6 8. Ne1
d6 9. Nc2 Be6 10. Nd5 Qd7 11. f4 Bxd5 12. cxd5 Nb4 13. e3 Nxc2 14. Qxc2 exf4
15. gxf4 Ne8 16. Bd2 Bf6 17. Rae1 Nc7 18. Bc3 Bxc3 19. bxc3 Rfe8 20. e4 Rab8
21. Qf2 Nb5 22. Qb2 Nc7 23. d4 b6 24. e5 Qb5 25. Qa3 Qc4 26. dxc5 Nb5 27. Qb4
Qxc5+ 28. Qxc5 bxc5 29. c4 Na3 30. exd6 Nxc4 31. Rxe8+ Rxe8 32. Rc1 Nxd6 33.
Rxc5 Rc8 34. Ra5 Rc1+ 35. Kf2 Rc2+ 36. Kg3 Rc3+ 37. Kf2 Rc2+ 1/2-1/2

[Event "XXXI Festival Conca della Presolana A"]
[Site "Bratto - Castione della Presolana ITA"]
[Date "2011.08.23"]
[Round "4"]
[White "Gonella, Daniele"]
[Black "Sala, Giovanni"]
[Result "0-1"]
[WhiteElo "2067"]
[BlackElo "1967"]
[PlyCount "142"]
[EventDate "2011.08.20"]

1. e4 c5 2. Nf3 d6 3. d4 cxd4 4. Nxd4 Nf6 5. Nc3 a6 6. f3 Qb6 7. Nb3 e6 8. h4
d5 9. exd5 Bd6 10. f4 O-O 11. Be2 exd5 12. Qd4 Qc7 13. O-O Nc6 14. Qf2 d4 15.
Nd1 Re8 16. Bf3 Ng4 17. Qg3 Ne3 18. Nxe3 Bxf4 19. Qxf4 Qxf4 20. Bxc6 Qe5 21.
Nc4 Qe7 22. Bxe8 Qxe8 23. Nd6 Qe7 24. Nxf7 Qxh4 25. Bg5 Qg4 26. Rae1 Bd7 27.
Rf2 Bc6 28. Ref1 Bb5 29. Re1 Rf8 30. Re7 Qd1+ 31. Kh2 Qh5+ 32. Kg3 Rxf7 33.
Rexf7 Qxg5+ 34. Kh2 Qh5+ 35. Kg3 Qg5+ 36. Kh2 Qh5+ 37. Kg3 Qg5+ 38. Kh2 Qh5+
39. Kg1 Qd1+ 40. Kh2 Qh5+ 41. Kg3 Qxf7 42. Rxf7 Kxf7 43. Nxd4 Kf6 44. b3 Bd7
45. a4 Ke5 46. Nf3+ Ke4 47. Kf2 h6 48. a5 Bg4 49. Nd2+ Kd4 50. Nc4 Bf5 51. Ne3
Be6 52. Ke2 h5 53. Kd2 g5 54. Nd1 h4 55. Nf2 Bd5 56. Nh3 g4 57. Nf4 Ke5 58.
Nd3+ Kf5 59. Ne1 h3 60. gxh3 gxh3 61. Nd3 h2 62. Nf2 h1=Q 63. Nxh1 Bxh1 64. Kd3
Be4+ 65. Kc4 Bxc2 66. b4 Bd1 67. Kc5 Bf3 68. b5 axb5 69. Kxb5 Be2+ 70. Kc5 Ke5
71. Kb4 Kd6 0-1

[Event "XXXI Festival Conca della Presolana A"]
[Site "Bratto - Castione della Presolana ITA"]
[Date "2011.08.23"]
[Round "4"]
[White "Greenfeld, Alon"]
[Black "Reinaldo Castineira, Roi"]
[Result "1/2-1/2"]
[WhiteElo "2566"]
[BlackElo "2492"]
[PlyCount "40"]
[EventDate "2011.08.20"]

1. Nf3 Nf6 2. c4 e6 3. Nc3 d5 4. d4 dxc4 5. e4 Bb4 6. Bg5 h6 7. Bxf6 Qxf6 8.
Bxc4 c5 9. O-O O-O 10. e5 Qd8 11. a3 Bxc3 12. bxc3 cxd4 13. cxd4 Bd7 14. d5
exd5 15. Qxd5 Bc6 16. Qxd8 Rxd8 17. e6 Bxf3 18. exf7+ Kf8 19. gxf3 Nc6 20. Rae1
Nd4 1/2-1/2

[Event "XXXI Festival Conca della Presolana A"]
[Site "Bratto - Castione della Presolana ITA"]
[Date "2011.08.23"]
[Round "4"]
[White "Horvath, Csaba"]
[Black "Cebalo, Miso"]
[Result "1/2-1/2"]
[WhiteElo "2517"]
[BlackElo "2484"]
[PlyCount "43"]
[EventDate "2011.08.20"]

1. d4 Nf6 2. c4 e6 3. Nf3 c5 4. d5 d6 5. Nc3 exd5 6. cxd5 g6 7. Bf4 a6 8. a4
Bg7 9. h3 Qe7 10. e3 Nbd7 11. Be2 O-O 12. O-O Ne8 13. Re1 Ne5 14. Bxe5 Bxe5 15.
Nxe5 Qxe5 16. Qd2 f5 17. f4 Qg7 18. Rab1 Bd7 19. b4 c4 20. Bxc4 Rc8 21. Qd3 Nf6
22. Bb3 1/2-1/2

[Event "XXXI Festival Conca della Presolana A"]
[Site "Bratto - Castione della Presolana ITA"]
[Date "2011.08.23"]
[Round "4"]
[White "Janczarski, Michal"]
[Black "Valenti, Giuseppe"]
[Result "1-0"]
[WhiteElo "2316"]
[BlackElo "2144"]
[PlyCount "107"]
[EventDate "2011.08.20"]

1. c4 b6 2. Nf3 Bb7 3. e3 Nf6 4. Be2 e6 5. O-O Be7 6. b3 O-O 7. Bb2 c5 8. d3 d5
9. Nbd2 Nc6 10. Rc1 Re8 11. a3 Rc8 12. Rc2 dxc4 13. bxc4 Bd6 14. Qa1 e5 15. Nb1
Bb8 16. Nc3 Ne7 17. Rd1 Ng6 18. Ne1 Qe7 19. Bf3 Nh4 20. Bxb7 Qxb7 21. e4 Qd7
22. Nd5 Rc6 23. f3 Nh5 24. a4 Rg6 25. Kf1 f5 26. a5 Qe6 27. axb6 axb6 28. Bc3
Nf4 29. Qa4 Rf8 30. Nxf4 exf4 31. Rb2 Rd8 32. Rdb1 Bc7 33. Qb5 fxe4 34. dxe4
Rh6 35. Ra1 Ng6 36. Ra7 Be5 37. Rd2 Rxd2 38. Bxd2 Bd4 39. Rb7 Rxh2 40. Rxb6 Qe7
41. Qc6 Qf7 42. Rb8+ Nf8 43. Qd5 Qxd5 44. cxd5 g5 45. Nc2 Rh1+ 46. Ke2 Be5 47.
Rc8 Rg1 48. Ne1 Bd4 49. Rc7 h6 50. Ba5 h5 51. d6 Be5 52. Rxc5 Bxd6 53. Rxg5+
Kf7 54. Rxh5 1-0

[Event "XXXI Festival Conca della Presolana A"]
[Site "Bratto - Castione della Presolana ITA"]
[Date "2011.08.23"]
[Round "4"]
[White "Marguerettaz, Davy"]
[Black "Codenotti, Marco"]
[Result "1-0"]
[WhiteElo "2160"]
[BlackElo "2323"]
[PlyCount "135"]
[EventDate "2011.08.20"]

1. d4 Nf6 2. Nf3 g6 3. Bf4 Bg7 4. e3 c5 5. c3 b6 6. a4 Bb7 7. a5 d6 8. h3 a6 9.
axb6 Qxb6 10. Nbd2 cxd4 11. Nc4 Qd8 12. exd4 O-O 13. Na5 Bd5 14. Be2 Qb6 15. b4
Ne4 16. Qd3 e5 17. Be3 Nxf2 18. Kxf2 e4 19. Qd1 exf3 20. Bxf3 Bxf3 21. Qxf3 Nd7
22. Qc6 Rfd8 23. Qxb6 Nxb6 24. Nc6 Re8 25. Bd2 Nc4 26. Bf4 f5 27. Rhe1 Re4 28.
Rxe4 fxe4 29. Na5 Nb6 30. Bxd6 Nd5 31. Rc1 Nxc3 32. Rxc3 Bxd4+ 33. Re3 Kf7 34.
Bc5 Bxe3+ 35. Kxe3 Re8 36. Nb7 Re5 37. Bd4 Rg5 38. g4 h5 39. Nd6+ Kg8 40. Nxe4
Rb5 41. Bc3 hxg4 42. hxg4 Kf8 43. Nc5 Ke7 44. Nxa6 Kd6 45. Nc5 Kd5 46. Kd3 Rb8
47. Nd7 Rb7 48. Nf6+ Kd6 49. Kc4 Rc7+ 50. Kb5 Rb7+ 51. Ka6 Kc6 52. Ne4 Rb6+ 53.
Ka5 Rb5+ 54. Ka4 Rd5 55. Bf6 Kb6 56. g5 Rd7 57. Nc3 Rd3 58. b5 Rg3 59. Bd8+ Kb7
60. Kb4 Rg2 61. Kc5 Rc2 62. Bf6 Rd2 63. Nd5 Rc2+ 64. Kd6 Rc1 65. Ke6 Rc5 66.
Nc3 Rc7 67. Be5 Rc8 68. Kf7 1-0

[Event "XXXI Festival Conca della Presolana A"]
[Site "Bratto - Castione della Presolana ITA"]
[Date "2011.08.23"]
[Round "4"]
[White "Montani, Francesco"]
[Black "Pedzich, Dominik"]
[Result "1-0"]
[WhiteElo "2218"]
[BlackElo "2418"]
[PlyCount "81"]
[EventDate "2011.08.20"]

1. Nf3 Nf6 2. c4 g6 3. Nc3 Bg7 4. d4 O-O 5. Bg5 d6 6. e3 c5 7. Be2 Nc6 8. d5
Nb4 9. a3 Na6 10. O-O e6 11. e4 exd5 12. cxd5 Bg4 13. Nd2 Bxe2 14. Qxe2 Qd7 15.
Qb5 Qc8 16. Qd3 Re8 17. Nc4 Qd7 18. Qg3 Ng4 19. Bf4 Ne5 20. Nxe5 Bxe5 21. Bxe5
Rxe5 22. Qf4 Qe7 23. Qf3 Qd7 24. Qg3 f6 25. f4 Re7 26. e5 fxe5 27. f5 Rg7 28.
Ne4 Kh8 29. f6 Rf7 30. Ng5 Raf8 31. Nxf7+ Rxf7 32. h4 Nc7 33. Rad1 Qe8 34. h5
gxh5 35. Qh3 Qf8 36. Qxh5 Ne8 37. Rf5 Nxf6 38. Qf3 Qh6 39. Rf1 Kg7 40. g4 Qg6
41. Qg2 1-0

[Event "XXXI Festival Conca della Presolana A"]
[Site "Bratto - Castione della Presolana ITA"]
[Date "2011.08.23"]
[Round "4"]
[White "Narayanan, Srinath"]
[Black "Stoppa, Omar"]
[Result "1-0"]
[WhiteElo "2371"]
[BlackElo "2286"]
[PlyCount "34"]
[EventDate "2011.08.20"]

1. e4 e5 2. Nf3 Nc6 3. Bb5 Nf6 4. O-O Nxe4 5. Re1 Nd6 6. Nxe5 Be7 7. Bd3 Kf8 8.
Nc3 Nxe5 9. Rxe5 Ne8 10. Qf3 d6 11. Re2 Nf6 12. h3 g5 13. b3 h5 14. Bb2 Rh6 15.
Rae1 Ng8 16. Nd5 g4 17. Qf4 Ke8 1-0

[Event "XXXI Festival Conca della Presolana A"]
[Site "Bratto - Castione della Presolana ITA"]
[Date "2011.08.23"]
[Round "4"]
[White "Negro, Roberto"]
[Black "Krzyzanowski, Marcin"]
[Result "0-1"]
[WhiteElo "2170"]
[BlackElo "2370"]
[PlyCount "96"]
[EventDate "2011.08.20"]

1. d4 Nf6 2. c4 d6 3. Nc3 e5 4. Nf3 Nbd7 5. Bg5 Be7 6. Qc2 c6 7. e3 h6 8. Bh4
O-O 9. Be2 a6 10. O-O Re8 11. Rfd1 Qc7 12. h3 Bf8 13. dxe5 dxe5 14. Bg3 a5 15.
a3 b6 16. Rd2 Nc5 17. Rad1 a4 18. Re1 g6 19. e4 Nh5 20. Bh2 Nf4 21. Bf1 Bg7 22.
Rdd1 Be6 23. Ne2 Nxe2+ 24. Bxe2 f6 25. Nh4 Qf7 26. g4 Nb3 27. Nf3 Bf8 28. Kg2
Bc5 29. Bg3 Bd4 30. Bf1 Bc5 31. Bh2 g5 32. Ng1 Nd4 33. Qc3 Qh7 34. f3 h5 35.
Ne2 Qf7 36. Ng3 h4 37. Nf5 Bxf5 38. exf5 Rad8 39. Bd3 Rd6 40. Bg1 Red8 41. Bxd4
Rxd4 42. Bc2 Qc7 43. Bxa4 e4 44. fxe4 Qf4 45. Rxd4 Rxd4 46. Re2 Rxe4 47. Rd2
Re3 48. Rd8+ Kf7 0-1

[Event "XXXI Festival Conca della Presolana A"]
[Site "Bratto - Castione della Presolana ITA"]
[Date "2011.08.23"]
[Round "4"]
[White "Podini, Francesco"]
[Black "Salmoiraghi, Angelo"]
[Result "1/2-1/2"]
[WhiteElo "2033"]
[BlackElo "2152"]
[PlyCount "41"]
[EventDate "2011.08.20"]

1. c4 e5 2. Nc3 Bb4 3. g3 Bxc3 4. bxc3 d6 5. Bg2 Nc6 6. Rb1 Nge7 7. d3 O-O 8.
Nf3 b6 9. O-O f6 10. Ne1 Be6 11. Qa4 Qd7 12. Nc2 Bh3 13. Nb4 Bxg2 14. Kxg2 a5
15. Nd5 Qc8 16. e4 Nxd5 17. cxd5 Ne7 18. d4 Qa6 19. Qb5 Qxb5 20. Rxb5 Rae8 21.
f4 1/2-1/2

[Event "XXXI Festival Conca della Presolana A"]
[Site "Bratto - Castione della Presolana ITA"]
[Date "2011.08.23"]
[Round "4"]
[White "Radice, Luca"]
[Black "Bonade', Massimo"]
[Result "1-0"]
[WhiteElo "2021"]
[BlackElo "2079"]
[PlyCount "47"]
[EventDate "2011.08.20"]

1. d4 Nf6 2. Nf3 e6 3. e3 b6 4. Bd3 Bb7 5. Nbd2 Be7 6. O-O O-O 7. b3 d6 8. Bb2
Nbd7 9. c4 c5 10. Qe2 Rc8 11. Rac1 Qc7 12. e4 cxd4 13. Nxd4 a6 14. f4 Rfd8 15.
Rf3 Qb8 16. Rh3 Re8 17. Nxe6 fxe6 18. e5 dxe5 19. fxe5 g6 20. exf6 Bxf6 21.
Bxf6 Nxf6 22. Rf1 Kg7 23. Qe3 Ng8 24. Rxh7+ 1-0

[Event "XXXI Festival Conca della Presolana A"]
[Site "Bratto - Castione della Presolana ITA"]
[Date "2011.08.23"]
[Round "4"]
[White "Rambaldi, Francesco"]
[Black "Sertic, Rudolf"]
[Result "0-1"]
[WhiteElo "2206"]
[BlackElo "2406"]
[PlyCount "96"]
[EventDate "2011.08.20"]

1. e4 c5 2. Nf3 e6 3. d4 cxd4 4. Nxd4 a6 5. Bd3 Nf6 6. Qe2 d6 7. O-O Be7 8. f4
O-O 9. c4 Nbd7 10. Nc3 Qc7 11. Bd2 b6 12. Rae1 Bb7 13. b4 Rfd8 14. g4 d5 15.
Nxd5 exd5 16. cxd5 Nf8 17. Nf5 Ne8 18. Qf2 b5 19. Rc1 Qd7 20. Nxe7+ Qxe7 21. g5
f5 22. gxf6 Nxf6 23. Rfe1 Ng6 24. Rc5 Rf8 25. Qg3 Rad8 26. Qg5 Rd7 27. Bc2 Kh8
28. Bc1 Nxd5 29. f5 Ne5 30. Qg3 Re8 31. Bb2 Nc4 32. Rxc4 bxc4 33. Ba4 Nf6 34.
Bxd7 Qxd7 35. e5 Qd5 36. e6 Qxf5 37. Bc3 Be4 38. Rf1 Qxe6 39. h3 Bd3 40. Re1
Qb6+ 41. Kh2 Rxe1 42. Qxe1 Qd6+ 43. Be5 Qe7 44. Qg3 Nd7 45. Bd4 Bg6 46. h4 Qxb4
47. Qg4 Qb5 48. Qf4 Qb8 0-1

[Event "XXXI Festival Conca della Presolana A"]
[Site "Bratto - Castione della Presolana ITA"]
[Date "2011.08.23"]
[Round "4"]
[White "Ranfagni, Stefano"]
[Black "Bemporad, Filippo"]
[Result "1-0"]
[WhiteElo "2006"]
[BlackElo "2068"]
[PlyCount "89"]
[EventDate "2011.08.20"]

1. e4 c5 2. Nc3 Nc6 3. g3 g6 4. Bg2 Bg7 5. d3 e5 6. Be3 d6 7. Qd2 Nd4 8. Nce2
Ne7 9. c3 Ndc6 10. f4 O-O 11. Nf3 b6 12. O-O Rb8 13. Nh4 d5 14. f5 d4 15. cxd4
cxd4 16. Bh6 f6 17. Bxg7 Kxg7 18. Rac1 Qd6 19. a3 Bd7 20. g4 g5 21. Nf3 Na5 22.
Qd1 Rfc8 23. b4 Nac6 24. Qd2 a5 25. h4 h6 26. hxg5 hxg5 27. Nxg5 axb4 28. Qa2
fxg5 29. f6+ Kg6 30. fxe7 Qe6 31. Qxe6+ Bxe6 32. e8=Q+ Rxe8 33. Rxc6 bxa3 34.
Ra1 b5 35. Rxa3 b4 36. Rb3 Kf7 37. Rb2 Bxg4 38. Ng3 Re7 39. Nf5 Ra7 40. Nh6+
Ke7 41. Nxg4 Ra1+ 42. Kf2 b3 43. Nxe5 Ra2 44. Nc4 Rb4 45. Rxa2 1-0

[Event "XXXI Festival Conca della Presolana A"]
[Site "Bratto - Castione della Presolana ITA"]
[Date "2011.08.23"]
[Round "4"]
[White "Ranieri, Fabrizio"]
[Black "Finocchiaro, Gianluca"]
[Result "1-0"]
[WhiteElo "2299"]
[BlackElo "2115"]
[PlyCount "47"]
[EventDate "2011.08.20"]

1. e4 d5 2. exd5 Qxd5 3. Nf3 g6 4. d4 Bg7 5. Be2 Nh6 6. O-O O-O 7. c4 Qd8 8.
Nc3 Nf5 9. d5 c6 10. Bf4 Qb6 11. Qd2 Na6 12. Rab1 Rd8 13. Rfd1 Qa5 14. g4 Nd6
15. Nd4 cxd5 16. cxd5 Bd7 17. Qe3 Re8 18. Be5 Rac8 19. Bxg7 Kxg7 20. Qf4 Kg8
21. Nf3 Qc7 22. Ne5 f6 23. Nxd7 Qxd7 24. Qh6 {...} 1-0

[Event "XXXI Festival Conca della Presolana A"]
[Site "Bratto - Castione della Presolana ITA"]
[Date "2011.08.23"]
[Round "4"]
[White "Recuero Guerra, David"]
[Black "Altini, Nicola"]
[Result "1-0"]
[WhiteElo "2441"]
[BlackElo "2267"]
[PlyCount "79"]
[EventDate "2011.08.20"]

1. d4 d5 2. c4 c6 3. Nf3 Nf6 4. e3 Bf5 5. Nc3 e6 6. Nh4 Be4 7. f3 Bg6 8. Qb3
Qc7 9. Bd2 Bd6 10. Rc1 a6 11. g3 Nbd7 12. Kf2 O-O 13. Nxg6 fxg6 14. Bh3 Rae8
15. Kg2 Kh8 16. c5 Be7 17. Bxe6 Bd8 18. Bh3 g5 19. Rhf1 g6 20. Rce1 h5 21. Qd1
Kg7 22. Kg1 Rh8 23. e4 g4 24. fxg4 hxg4 25. Bxg4 dxe4 26. Bf4 Qa5 27. Bxd7 Nxd7
28. a3 Nf6 29. Qc1 Be7 30. Be5 Rh5 31. b4 Qd8 32. Nxe4 Rf8 33. Qe3 Qd7 34. Nxf6
Bxf6 35. Bxf6+ Rxf6 36. Qe7+ Qxe7 37. Rxe7+ Kf8 38. Rxf6+ Kxe7 39. Rxg6 Rd5 40.
Rg4 1-0

[Event "XXXI Festival Conca della Presolana A"]
[Site "Bratto - Castione della Presolana ITA"]
[Date "2011.08.23"]
[Round "4"]
[White "Ricci, Marco"]
[Black "Cugini, Verter"]
[Result "1-0"]
[WhiteElo "2074"]
[BlackElo "2053"]
[PlyCount "125"]
[EventDate "2011.08.20"]

1. e4 e6 2. d4 d5 3. Nd2 Nf6 4. e5 Ne4 5. Nxe4 dxe4 6. Be3 c5 7. dxc5 Nd7 8.
Qg4 Nxc5 9. Bb5+ Nd7 10. Ne2 Qa5+ 11. Nc3 a6 12. Be2 Qxe5 13. Qxe4 Qxe4 14.
Nxe4 f5 15. Ng5 Ne5 16. f4 Nf7 17. Bh5 g6 18. Nxf7 Kxf7 19. Bd4 Rg8 20. Bf3 Bd6
21. g3 Rb8 22. O-O-O b6 23. Bc3 Bc7 24. h4 h5 25. Rhe1 a5 26. a4 Re8 27. b3 Bb7
28. Bxb7 Rxb7 29. Be5 Bxe5 30. Rxe5 Rc8 31. Rd6 Re8 32. Rb5 Reb8 33. Re5 Re8
34. c4 Kf6 35. Rb5 Reb8 36. Re5 Re7 37. Kc2 Rbb7 38. Rb5 Kf7 39. Kc3 Rb8 40.
Rbxb6 Rxb6 41. Rxb6 e5 42. fxe5 Rxe5 43. Rd6 Re1 44. Rd3 Ke6 45. c5 Rc1+ 46.
Kd4 Rh1 47. Re3+ Kd7 48. Ke5 Kc6 49. Rc3 Rh3 50. Kf4 Rh1 51. Kg5 Rh3 52. Kf4
Rh1 53. Rf3 Kxc5 54. Kg5 Rh3 55. Kxg6 f4 56. Rxf4 Rxg3+ 57. Kxh5 Rxb3 58. Kg5
Rb4 59. h5 Rb1 60. h6 Rg1+ 61. Rg4 Rb1 62. h7 Rb8 63. Kh6 1-0

[Event "XXXI Festival Conca della Presolana A"]
[Site "Bratto - Castione della Presolana ITA"]
[Date "2011.08.23"]
[Round "4"]
[White "Sveshnikov, Evgeny E."]
[Black "Genocchio, Daniele"]
[Result "1/2-1/2"]
[WhiteElo "2514"]
[BlackElo "2446"]
[PlyCount "61"]
[EventDate "2011.08.20"]

1. e4 e5 2. Nf3 Nc6 3. d4 exd4 4. Nxd4 Nf6 5. Nxc6 bxc6 6. e5 Qe7 7. Qe2 Nd5 8.
c4 Ba6 9. Nd2 Nb6 10. b3 O-O-O 11. Bb2 d5 12. exd6 Qxe2+ 13. Bxe2 cxd6 14.
O-O-O d5 15. Rhe1 dxc4 16. Nxc4 Nxc4 17. Rxd8+ Kxd8 18. Rd1+ Kc7 19. Bxc4 Bxc4
20. Be5+ Kc8 21. bxc4 Bc5 22. Bxg7 Rg8 23. Bd4 Bxd4 24. Rxd4 Rxg2 25. Rf4 Rxh2
26. Rxf7 Rh4 27. Kd2 Rxc4 28. Rxa7 h5 29. Kd3 Rb4 30. a3 Rb2 31. Ke3 1/2-1/2

[Event "XXXI Festival Conca della Presolana A"]
[Site "Bratto - Castione della Presolana ITA"]
[Date "2011.08.23"]
[Round "4"]
[White "Sveshnikov, Vladimir"]
[Black "Smith, Bryan G."]
[Result "1-0"]
[WhiteElo "2407"]
[BlackElo "2503"]
[PlyCount "61"]
[EventDate "2011.08.20"]

1. e4 c5 2. c3 d5 3. exd5 Qxd5 4. d4 Nc6 5. Nf3 Bg4 6. dxc5 Qxd1+ 7. Kxd1 e5 8.
b4 a5 9. b5 Nd8 10. c6 bxc6 11. h3 Bxf3+ 12. gxf3 Bc5 13. Kc2 Ne7 14. Nd2 Nd5
15. bxc6 Nxc6 16. Ne4 Be7 17. Bb5 Rc8 18. Rd1 f5 19. Rxd5 fxe4 20. Rxe5 Kf7 21.
Bc4+ Kg6 22. Rxe4 Bf6 23. Be3 h6 24. Rg1+ Kh7 25. Bd3 g6 26. Rc4 Ne5 27. Rxc8
Rxc8 28. Be4 Kh8 29. Bxh6 Nxf3 30. Rxg6 Rxc3+ 31. Kd1 1-0

[Event "XXXI Festival Conca della Presolana A"]
[Site "Bratto - Castione della Presolana ITA"]
[Date "2011.08.23"]
[Round "4"]
[White "Vrhovnik, Damir"]
[Black "Vezzani, Stefano"]
[Result "1/2-1/2"]
[WhiteElo "2082"]
[BlackElo "2183"]
[PlyCount "102"]
[EventDate "2011.08.20"]

1. Nf3 f5 2. c4 Nf6 3. b4 e6 4. Qb3 Be7 5. e3 O-O 6. Bb2 b6 7. Be2 Bb7 8. O-O
Qe8 9. d3 Qg6 10. Ne1 Na6 11. a3 Kh8 12. Bf3 c6 13. Nd2 d5 14. Rd1 b5 15. Nc2
Rae8 16. cxb5 cxb5 17. Rc1 Bd6 18. d4 Ne4 19. Qd3 Qh6 20. g3 Nc7 21. Bg2 Qh5
22. Nf3 Rf6 23. Ne5 Rh6 24. h3 Rf8 25. Qd1 Qe8 26. Ne1 Na8 27. N1d3 Nb6 28. Nc5
Bc8 29. Rc2 Nc4 30. Ncd3 Qe7 31. Qe1 Qg5 32. Bc1 Bc5 33. Nxc5 Rhf6 34. Kh2 Qh5
35. Qd1 Qe8 36. f3 Ned6 37. Re1 Bb7 38. Bf1 Rg8 39. Bxc4 dxc4 40. Rce2 h6 41.
Bb2 Qh5 42. Rf2 Rc8 43. Bc3 Kg8 44. Qd2 Rff8 45. e4 fxe4 46. fxe4 Rcd8 47. g4
Qg5 48. Qxg5 hxg5 49. Nf3 Nf7 50. Kg3 Kh7 51. Rh2 Rd7 1/2-1/2

[Event "XXXI Festival Conca della Presolana A"]
[Site "Bratto - Castione della Presolana ITA"]
[Date "2011.08.24"]
[Round "5"]
[White "Altini, Nicola"]
[Black "Bianchi, Andrea"]
[Result "1-0"]
[WhiteElo "2267"]
[BlackElo "2142"]
[PlyCount "101"]
[EventDate "2011.08.20"]

1. Nf3 d5 2. g3 Nf6 3. Bg2 e6 4. O-O Be7 5. c4 O-O 6. b3 c5 7. Bb2 b6 8. d3 Bb7
9. e3 Nbd7 10. Qe2 Qc7 11. Nc3 a6 12. Rac1 Rac8 13. Nh4 Rfd8 14. f4 d4 15. exd4
cxd4 16. Nd1 Bc5 17. Bxb7 Qxb7 18. Nf3 Nb8 19. Nf2 a5 20. Ng5 h6 21. Nge4 Nxe4
22. Nxe4 Qd7 23. g4 Be7 24. g5 hxg5 25. fxg5 e5 26. Qh5 Qe6 27. Rxf7 Rc6 28.
Nf6+ Bxf6 29. g6 Qxf7 30. gxf7+ Kf8 31. Ba3+ Be7 32. Bxe7+ Kxe7 33. Rf1 Nd7 34.
Qg5+ Rf6 35. Qxg7 Rxf1+ 36. Kxf1 Rf8 37. Ke2 Rxf7 38. Qg5+ Ke6 39. Qg8 Kf6 40.
h4 Rg7 41. Qh8 Kf7 42. Qd8 Kg6 43. Qg5+ Kh7 44. Qf5+ Kg8 45. h5 Rf7 46. Qe6 Kf8
47. h6 e4 48. Qd6+ Kg8 49. Qg6+ Kf8 50. h7 exd3+ 51. Ke1 1-0